Rock Paper Scissors Lizard Spock - Statistics

General Stats
  • This quiz has been taken 21 times
  • The average score is 5 of 10
Answer Stats
% Correct
Scissors cuts Paper
100%
Paper covers Rock
92%
Rock crushes Lizard
58%
Rock crushes Scissors
50%
Scissors decapitates Lizard
50%
Lizard eats Paper
50%
Lizard poisons Spock
50%
Paper disproves Spock
42%
Spock vaporizes Rock
25%
Spock smashes Scissors
17%
No matching quizzes found
Score Distribution
Percent of People with Each Score
Percentile by Number Answered
Your Score History
You have not taken this quiz